| 000 | 00636ntm a22002537a 4500 | ||
|---|---|---|---|
| 005 | 20231211140920.0 | ||
| 008 | 170502b xxu||||| |||| 00| 0 spa d | ||
| 020 | _a9788496916135 | ||
| 041 | _aESP | ||
| 082 | _a303.372 C965c | ||
| 245 | _aCuentos con valores: juegos y actividades para desarrollar tu potencial | ||
| 260 | _aColombia | ||
| 260 | _bDaly | ||
| 260 | _c2013 | ||
| 300 | _a168 páginas | ||
| 650 | _aVALORES | ||
| 650 | _aCUENTOS | ||
| 650 | _aACTIVIDADES | ||
| 650 | _aVALORES PARA LA FAMILIA | ||
| 650 | _aNIÑOS | ||
| 650 | _aEDUCACIÓN MORAL | ||
| 650 | _aVALORES PARA LA SOCIEDAD | ||
| 942 |
_cBK _2ddc |
||
| 999 |
_c9351 _d9351 |
||